Κατάλογος Βιβλιοθηκών Mediterranean College

Perspectives on Tourism Policy (Record no. 2743)

MARC details
000 -LEADER
fixed length control field 01502cam a22002174a 4500
005 - ΗΜΕΡΟΜΗΝΙΑ ΚΑΙ ΩΡΑ ΤΕΛΕΥΤΑΙΑΣ ΕΝΗΜΕΡΩΣΗΣ
Πεδίο ελέγχου 20250605164052.0
008 - FIXED-LENGTH DATA ELEMENTS--GENERAL INFORMATION
Πεδίο ελέγχου σταθερού μήκους 250528s ||||||||||||||||||||||||d
035 ## - SYSTEM CONTROL NUMBER
System control number 17315
020 ## - ISBN
ISBN 720121647
040 ## - ΠΗΓΗ ΚΑΤΑΛΟΓΟΓΡΑΦΗΣΗΣ
Φορέας πρωτότυπης καταλογογράφησης MC Athens Campus Library
Γλώσσα καταλογογράφησης Ελληνικά, Μοντέρνα (1453-)
Modifying agency MC Athens Campus Library
Κανόνες περιγραφικής καταλογογράφησης AACR2
245 1# - ΤΙΤΛΟΣ ΚΑΙ ΔΗΛΩΣΗ ΥΠΕΥΘΥΝΟΤΗΤΑΣ
Τίτλος Perspectives on Tourism Policy
260 ## - PUBLICATION, DISTRIBUTION, ETC.
Date of publication, distribution, etc. 1995
300 ## - PHYSICAL DESCRIPTION
Extent 242
520 ## - SUMMARY, ETC.
Summary, etc. This book examines key aspects of tourism policy in developed countries. It demonstrates the role of research, both by providing data that inform policy choices and by evaluating policy choices already made. Preface, Tourism Research and Policy: An Overview, Tourism Policy: Market Failure and Public Choice, The Environmental Impact Assessment of Tourism Development, Tourism Employment and Policy Choices for Local Government, Tourism Multipliers in the Maltese Economy, Tourism Manpower Planning: The Case of Nepal, Monitoring and Evaluating a Tourism Development Program: A Study of Chepstow, The Economic Impact of College Football Games: A Case Study of the University of Alabama, Employment Effects of Irish Tourism Projects: A Microeconomic Approach, The Economic Impact of Tourism and Recreation in the Province of Antwerp in Belgium, Timeshare: The Policy Issues, Economic Adjustment Policies and the Hotel Sector in Jamaica, European Community Tourism Policy, Author and Subject Index.
700 1# - ΠΡΟΣΘΕΤΗ ΑΝΑΓΡΑΦΗ--ΦΥΣΙΚΟ ΠΡΟΣΩΠΟ
Personal name Johnson Peter
9 (RLIN) 3367
700 1# - ΠΡΟΣΘΕΤΗ ΑΝΑΓΡΑΦΗ--ΦΥΣΙΚΟ ΠΡΟΣΩΠΟ
Personal name Mansell
9 (RLIN) 3368
700 1# - ΠΡΟΣΘΕΤΗ ΑΝΑΓΡΑΦΗ--ΦΥΣΙΚΟ ΠΡΟΣΩΠΟ
Personal name Thomas Barry
9 (RLIN) 3369
942 ## - ADDED ENTRY ELEMENTS (KOHA)
Koha item type Books
Holdings
Τύπος τεκμηρίου Βιβλιοθήκη Τρέχουσα τοποθεσία Barcode Αριθμός εισαγωγής Ημερομηνία απόκτησης Ταξιθετικό σύμβολο Αριθμός αντιτύπου Κατάσταση απόσυρσης Κατάσταση χαμένου Κατάσταση κατεστραμμένου Μη δανεισμός Σύνολο δανεισμών Ημερομηνία τελευταίας εμφάνισης Η τιμή ισχύει από
Books MC Athens Campus Library MC Athens Campus Library 9780000027429 9888 05/06/2025 338.4/791 JOH 1           05/06/2025 05/06/2025

MC Athens Campus Library
Πατησίων 94 & Κοδριγκτώνος 13, 104 34
Πελλήνης 8 & Πατησίων 107, 112 51
Τ: +30 210 8899600

MC Thessaloniki Campus Library
Ίωνος Δραγούμη 21, 54625 | Ίωνος Δραγούμη 15, 54625
Τ: +30 2310 287779 – Τ: +30 2314 440300